Applied chemistry : (Record no. 5931)

MARC details
000 -LEADER
fixed length control field 01415cam a22004097a 4500
001 - CONTROL NUMBER
control field 17429413
003 - CONTROL NUMBER IDENTIFIER
control field OSt
005 - DATE AND TIME OF LATEST TRANSACTION
control field 20171214151151.0
008 - FIXED-LENGTH DATA ELEMENTS--GENERAL INFORMATION
fixed length control field 120814t20132013nyuab b 001 0 eng d
010 ## - LIBRARY OF CONGRESS CONTROL NUMBER
LC control number 2012947030
020 ## - INTERNATIONAL STANDARD BOOK NUMBER
International Standard Book Number 9781461442615 (alk. paper)
020 ## - INTERNATIONAL STANDARD BOOK NUMBER
International Standard Book Number 1461442613 (alk. paper)
020 ## - INTERNATIONAL STANDARD BOOK NUMBER
Canceled/invalid ISBN 9781461442622 (ebk.)
035 ## - SYSTEM CONTROL NUMBER
System control number (OCoLC)ocn798797417
040 ## - CATALOGING SOURCE
Original cataloging agency YDXCP
Language of cataloging eng
Transcribing agency YDXCP
Modifying agency BWX
-- CDX
-- OCLCO
-- OCLCQ
-- IXA
-- OHX
-- OCLCF
-- CN8BJ
-- OCLCQ
-- DLC
042 ## - AUTHENTICATION CODE
Authentication code lccopycat
050 00 - LIBRARY OF CONGRESS CALL NUMBER
Classification number QD33.2
Item number .R68 2013
050 14 - LIBRARY OF CONGRESS CALL NUMBER
Classification number TP145
082 04 - DEWEY DECIMAL CLASSIFICATION NUMBER
Classification number 620.11
Item number ROU 2013
100 1# - MAIN ENTRY--PERSONAL NAME
Personal name Roussak, O. V.
9 (RLIN) 12316
245 10 - TITLE STATEMENT
Title Applied chemistry :
Remainder of title a textbook for engineers and technologists /
Statement of responsibility, etc. O.V. Roussak, H.D. Gesser.
250 ## - EDITION STATEMENT
Edition statement Second edition.
264 #1 - PRODUCTION, PUBLICATION, DISTRIBUTION, MANUFACTURE, AND COPYRIGHT NOTICE
Place of production, publication, distribution, manufacture New York :
Name of producer, publisher, distributor, manufacturer Springer,
Date of production, publication, distribution, manufacture, or copyright notice 2013
300 ## - PHYSICAL DESCRIPTION
Extent xxiv, 372 pages :
Other physical details col.ill, maps ;
Dimensions 26 cm
336 ## - CONTENT TYPE
Content type term text
Content type code txt
Source rdacontent
336 ## - CONTENT TYPE
Content type term still image
Content type code sti
Source rdacontent
337 ## - MEDIA TYPE
Media type term unmediated
Media type code n
Source rdamedia
338 ## - CARRIER TYPE
Carrier type term volume
Carrier type code nc
Source rdacarrier
504 ## - BIBLIOGRAPHY, ETC. NOTE
Bibliography, etc Includes bibliographical references and index.
650 #0 - SUBJECT ADDED ENTRY--TOPICAL TERM
Topical term or geographic name as entry element Chemistry.
9 (RLIN) 797
650 #7 - SUBJECT ADDED ENTRY--TOPICAL TERM
Topical term or geographic name as entry element Chemistry.
Source of heading or term fast
Authority record control number (OCoLC)fst00853344
9 (RLIN) 797
700 1# - ADDED ENTRY--PERSONAL NAME
Personal name Gesser, Hyman D.,
9 (RLIN) 12317
906 ## - LOCAL DATA ELEMENT F, LDF (RLIN)
a 7
b cbc
c copycat
d 2
e epcn
f 20
g y-gencatlg
942 ## - ADDED ENTRY ELEMENTS (KOHA)
Source of classification or shelving scheme Dewey Decimal Classification
Koha item type Short Loan
Holdings
Withdrawn status Lost status Source of classification or shelving scheme Damaged status Not for loan Home library Current library Date acquired Source of acquisition Inventory number Total Checkouts Full call number Barcode Date last seen Price effective from Koha item type
    Dewey Decimal Classification     MUST Main Library MUST Main Library 14/12/2017   2017/40345   620.11 ROU 2013 2017-1000 14/12/2017 14/12/2017 Short Loan